书目信息 |
| 题名: |
健康生活方式
|
|
| 作者: | 赵赟 , 江波 , 徐小生 编 | |
| 分册: | ||
| 出版信息: | 北京 化学工业出版社 2007.04 |
|
| 页数: | 157页 | |
| 开本: | 21cm | |
| 丛书名: | 城乡健康促进丛书 | |
| 单 册: | ||
| 中图分类: | R163 | |
| 科图分类: | ||
| 主题词: | 生活方式--sheng huo fang shi--关系--健康 | |
| 电子资源: | ||
| ISBN: | 978-7-122-00255-6 | |
| 000 | 01001nam 2200289 450 | |
| 001 | 012007740691 | |
| 005 | 20071106080523.44 | |
| 010 | @a978-7-122-00255-6@dCNY12.00 | |
| 100 | @a20070924d2007 km y0chiy0120 ea | |
| 101 | 0 | @achi |
| 102 | @aCN@b110000 | |
| 105 | @ay a 000yy | |
| 106 | @ar | |
| 200 | 1 | @a健康生活方式@Ajian kang sheng huo fang shi@f赵赟, 江波, 徐小生编@Fzhao yun,jiang bo,xu xiao sheng bian |
| 210 | @a北京@c化学工业出版社@d2007.04 | |
| 215 | @a157页@d21cm | |
| 225 | 2 | @a城乡健康促进丛书@Acheng xiang jian kang cu jin cong shu |
| 320 | @a有书目。 | |
| 330 | @a本书结合我国居民的生活实际,有针对性地指出了当前城乡居民在饮食、运动、生活习惯、心理保健等方面存在的不健康生活方式。 | |
| 410 | 0 | @12001 @a城乡健康促进丛书 |
| 606 | 0 | @a生活方式@Asheng huo fang shi@x关系@x健康 |
| 690 | @aR163@v4 | |
| 701 | 0 | @a赵赟@Azhao yun@4编 |
| 701 | 0 | @a江波@Ajiang bo@4编 |
| 701 | 0 | @a徐小生@Axu xiao sheng@4编 |
| 801 | 0 | @aCN@b@c20071106 |
| 905 | @b263988-90@dR163@eZ348@f3 | |
| 健康生活方式/赵赟, 江波, 徐小生编.-北京:化学工业出版社,2007.04 |
| 157页;21cm.-(城乡健康促进丛书) |
| ISBN 978-7-122-00255-6:CNY12.00 |
| 本书结合我国居民的生活实际,有针对性地指出了当前城乡居民在饮食、运动、生活习惯、心理保健等方面存在的不健康生活方式。 |
| ● |
| 相关链接 |
|
|
|
正题名:健康生活方式
索取号:R163/Z348
 
预约/预借
| 序号 | 登录号 | 条形码 | 馆藏地/架位号 | 状态 | 备注 |
| 1 | 263988 | 202639886 | 自科库401/401自科库 6排4列5层/ [索取号:R163/Z348] | 在馆 | |
| 2 | 263989 | 202639895 | 自科库401/401自科库 6排4列5层/ [索取号:R163/Z348] | 在馆 | |
| 3 | 263990 | 202639902 | 自科库401/401自科库 6排4列5层/ [索取号:R163/Z348] | 在馆 |